|
|
|
|
| LEADER |
01143nam a2200253 a 4500 |
| 001 |
597650 |
| 008 |
100125s1992 caua b 001 0 eng d |
| 010 |
|
|
|a \\\91017548
|
| 020 |
|
|
|a 0803938241
|
| 020 |
|
|
|a 080393825X (pbk.)
|
| 040 |
|
|
|a DLC
|c DLC
|d DLC
|d BD-DhAAL
|
| 082 |
0 |
0 |
|a 333.73/13/0973
|2 20
|
| 100 |
1 |
|
|a Caves, Roger W.
|
| 245 |
1 |
0 |
|a Land use planning :
|b the ballot box revolution /
|c Roger W. Caves.
|
| 260 |
|
|
|a Newbury Park, Calif. :
|b Sage Publications,
|c c1992.
|
| 300 |
|
|
|a xiii, 247 p. :
|b ill. ;
|c 23 cm.
|
| 490 |
0 |
|
|a Sage library of social research ;
|v v. 187
|
| 504 |
|
|
|a Includes bibliographical references (p. 223-241) and index.
|
| 541 |
1 |
|
|e 00007239
|
| 650 |
|
0 |
|a Land use
|x Government policy
|z United States
|x Citizen participation.
|
| 852 |
4 |
|
|a Ayesha Abed Library
|j General shelf
|
| 999 |
|
|
|c 7179
|d 7179
|
| 952 |
|
|
|0 0
|1 0
|2 ddc
|4 0
|6 333_731309730000000_CAN_1992
|7 0
|9 7466
|a BRACUL
|b BRACUL
|c GEN
|d 2010-01-26
|l 1
|o 333.73130973 CAN
|p 3010007239
|r 2013-09-23
|s 2013-05-13
|t 1
|w 2010-01-26
|y BK
|
| 952 |
|
|
|0 0
|1 0
|2 ddc
|4 0
|6 333_731309730000000_CAN
|7 0
|9 52411
|a SCL
|b SCL
|c GEN
|d 2015-02-02
|l 0
|o 333.73130973 CAN
|p 3020000168
|r 2015-02-02
|t 2
|w 2015-02-02
|y BK
|